00421nam a2200145Ia 4500003000400000008004100004040001600045082001300061100002800074245006100102260005100163490002400214650001500238650002200253GCL140319s9999 xx 000 0 eng d aGCL / cGCL04a843bP P1 aPIERRE, MICHEL DE SAINT10aLA PASSION DE L'ABBE DELANCE / cPIERRE, MICHEL DE SAINT a[S.N] : bEDITIONS DE LA TABLE RONDE ، c1978 aCOLLECTION FOLIOv004aLITERATURE04aFRENCH LITERATURE